| 000 | 00522nam a22002057a 4500 | ||
|---|---|---|---|
| 003 | OSt | ||
| 005 | 20140310182951.0 | ||
| 008 | 130206t xxu||||| |||| 00| 0 eng d | ||
| 020 | _a9712708829 | ||
| 050 |
_aDS686.7 _b.C957 2009 |
||
| 082 |
_aF959.902 _b.C84 2009 |
||
| 245 |
_aTales from Edsa / _cCruz, Neni Sta. Romana |
||
| 260 |
_aManila : _bAnvil, _cc2000 |
||
| 300 |
_axx, 221 p. _c18 cm. |
||
| 521 | _acollege students | ||
| 526 | _c1210L-1700L | ||
| 541 | _j1 | ||
| 562 | _e1 | ||
| 942 |
_2lcc _cBK _kFIL |
||
| 999 |
_c17912 _d17912 |
||